| 000 | 00938nam a2200349Ia 4500 | ||
|---|---|---|---|
| 001 | 4132 | ||
| 003 | IT-RoPAU | ||
| 008 | 130308s9999 xx 000 0 und d | ||
| 040 | _aIT-RoPAU | ||
| 040 | _cIT-RoPAU | ||
| 041 | _aITALIANO | ||
| 100 | _aCocteau Jean | ||
| 100 | _gCodice Aut. SPICS: 7952 | ||
| 240 | _aDU CINEMATOGRAPHE | ||
| 240 | _gCodice Tit. Orig. Spics: T1487 | ||
| 245 | _aDel cinema | ||
| 245 | _bDel Cinema | ||
| 250 | _a1a ed. | ||
| 260 | _aMILANO | ||
| 260 | _bIl Formichiere | ||
| 260 | _c1979 [1° Ed.:1979 - Ed.Ling.Originale:1973] | ||
| 300 | _a"166 p. (prefazione: no ; testo: 166)" | ||
| 500 | _aScritti Sul Cinema Cinema e Poesia | ||
| 650 | _aAUTORI/OPERE DEL CINEMA | ||
| 650 | _eCodice materia Spics: 6807 | ||
| 700 | _aBernard AndrèGauteur Claude | ||
| 700 | _gCodice Aut. SPICS: 9286Codice Aut. SPICS: 6217 | ||
| 942 | _cBK | ||
| 957 | _71 | ||
| 999 |
_c71406 _d71406 |
||
| 999 | _bSI | ||
| 999 | _g1 | ||